00622nam a2200145Ia 4500003000900000005001700009008004100026040002800067110006300095245010300158260008100261300004100342504005500383650003800438DO-SdBJH20180417025947.0180414s9999 dr 000 0 spa d aDO-SdBJHbspacDO-SdBJH aInstituto de Cooperación para la Seguridad Hemisférica10aDoctrina de las operaciones conjuntas / Instituto de Cooperación para la Seguridad Hemisférica aFuerte Benning, Georgia : Cuartel General Secretaría del Ejército, 2008 a155 páginas en varias paginaciones aIncluye apéndices y referencias bibliográficas 4aOperaciones conjuntas -- Doctrina